| 000 -LEADER |
| fixed length control field |
01352cam a2200265 i 4500 |
| 003 - CONTROL NUMBER IDENTIFIER |
| control field |
OSt |
| 005 - DATE AND TIME OF LATEST TRANSACTION |
| control field |
20200521103914.0 |
| 008 - FIXED-LENGTH DATA ELEMENTS--GENERAL INFORMATION |
| fixed length control field |
121130s2012 cc a 000 0 chi |
| 020 ## - INTERNATIONAL STANDARD BOOK NUMBER |
| International Standard Book Number |
9787535652874 (set) |
| 082 ## - DEWEY DECIMAL CLASSIFICATION NUMBER |
| Classification number |
720.951 |
| 110 2# - MAIN ENTRY--CORPORATE NAME |
| Linkage |
880-01 |
| Corporate name or jurisdiction name as entry element |
Guangzhou Shi Tang yi wen hua chuan bo you xian gong si. |
| 245 10 - TITLE STATEMENT |
| Linkage |
880-02 |
| Title |
Jian zhu Zhongguo : |
| Remainder of title |
Zhongguo dang dai you xiu jian zhu zuo pin ji / |
| Statement of responsibility, etc |
Tang yi she ji zi xun ji tuan you xian gong si ce hua ; Guangzhou Shi Tang yi wen hua chuan bo you xian gong si bian zhu. |
| 246 30 - VARYING FORM OF TITLE |
| Linkage |
880-03 |
| Title proper/short title |
Zhongguo dang dai you xiu jian zhu zuo pin ji |
| 250 ## - EDITION STATEMENT |
| Linkage |
880-04 |
| Edition statement |
Di 1 ban. |
| 300 ## - PHYSICAL DESCRIPTION |
| Extent |
3 volumes (287; 293; 273 pages) : |
| Other physical details |
chiefly illustrations, chiefly color ; |
| Dimensions |
34 cm |
| 650 #0 - SUBJECT ADDED ENTRY--TOPICAL TERM |
| Topical term or geographic name as entry element |
Architecture |
| Geographic subdivision |
China |
| General subdivision |
History |
| Chronological subdivision |
21st century |
| Form subdivision |
Pictorial works. |
| 710 2# - ADDED ENTRY--CORPORATE NAME |
| Linkage |
880-06 |
| Corporate name or jurisdiction name as entry element |
Tang yi she ji zi xun ji tuan you xian gong si. |
| 880 2# - ALTERNATE GRAPHIC REPRESENTATION |
| Linkage |
110-01/$1 |
| a |
广州市唐艺文化传播有限公司. |
| 880 10 - ALTERNATE GRAPHIC REPRESENTATION |
| Linkage |
245-02/$1 |
| a |
建筑中国 : |
| b |
中国当代优秀建筑作品集 / |
| c |
唐艺设计资讯集团有限公司策划;广州市唐艺文化传播有限公司编著. |
| 880 30 - ALTERNATE GRAPHIC REPRESENTATION |
| Linkage |
246-03/$1 |
| a |
中国当代优秀建筑作品集 |
| 880 ## - ALTERNATE GRAPHIC REPRESENTATION |
| Linkage |
250-04/$1 |
| a |
第 1 版. |
| 880 #1 - ALTERNATE GRAPHIC REPRESENTATION |
| Linkage |
264-05/$1 |
| a |
长沙市 : |
| b |
湖南美术出版社, |
| c |
2012. |
| 880 2# - ALTERNATE GRAPHIC REPRESENTATION |
| Linkage |
710-06/$1 |
| a |
唐艺设计资讯集团有限公司. |
| 942 ## - ADDED ENTRY ELEMENTS (KOHA) |
| Source of classification or shelving scheme |
|